Jaromír Gargulák : meta(l)morfózy /

Hlavní autor: Gargulák, Jaromír, 1958-
Korporativní autor: Kulturní centrum (Česká Třebová, Česko)
Další autoři: Kesselgruberová, Ludmila, Dočekal, Jan, 1943-
Jazyk: Čeština
Vydáno: Česká Třebová : Městské muzeum, 2011
Témata:
Fyzický popis: 16 s. : barev. il. ; 21 cm
Knihy
Uloženo v:
LEADER 02228nam a2200565 a 4500
001 nkc20112223690
003 CZ PrNK
005 20111110145119.0
007 ta
008 111011s2011 xr a e c 000 0dcze
015 |z cnb002223690 
020 |a 978-80-904276-4-8  |q (brož.) 
035 |a (OCoLC)761169385 
040 |a ABA001  |b cze 
043 |a e-xr--- 
045 |a y0y1 
072 7 |a 73  |x Sochařství, keramika, porcelán, umělecké zpracování kovů  |2 Konspekt  |9 21 
080 |a 730(437.3)  |2 MRF 
080 |a 730.036/.038  |2 MRF 
080 |a (437.3)  |2 MRF 
080 |a (083.824)  |2 MRF 
100 1 |a Gargulák, Jaromír,  |d 1958-  |7 mzk2004148411  |4 art 
245 1 0 |a Jaromír Gargulák :  |b meta(l)morfózy /  |c [text Ludmila Kesselgruberová, Jan Dočekal] 
246 3 |a Metalmorfózy 
246 3 |a Metamorfózy 
246 3 0 |a Meta(l)morfózy 
260 |a Česká Třebová :  |b Městské muzeum,  |c 2011 
300 |a 16 s. :  |b barev. il. ;  |c 21 cm 
500 |a Název z obálky 
500 |a Pub. vznikla při příležitosti výstavy sochařské tvorby Jaromíra Garguláka pořádané Městským muzeem Česká Třebová ve dnech 23.9-23.10.2011 ve výstavní síni kulturního centra Česká Třebová 
500 |a Přehled výstav a realizací 
500 |a 200 výt. 
504 |a Obsahuje bibliografické odkazy 
600 1 7 |a Gargulák, Jaromír,  |d 1958-  |7 mzk2004148411  |2 czenas 
648 7 |a 21. století  |7 ch460559  |2 czenas 
648 7 |a 2001-2011  |7 ch969063  |2 czenas 
650 0 7 |a české sochařství  |7 ph128152  |y 21. století  |2 czenas 
650 0 7 |a moderní sochařství  |7 ph122941  |z Česko  |2 czenas 
650 0 9 |a Czech sculpture  |y 21st century  |2 eczenas 
650 0 9 |a modern sculpture  |z Czechia  |2 eczenas 
655 7 |a katalogy výstav  |7 fd132536  |2 czenas 
655 9 |a exhibition catalogs  |2 eczenas 
700 1 |a Kesselgruberová, Ludmila  |7 jx20080326014  |4 wfw 
700 1 |a Dočekal, Jan,  |d 1943-  |7 jn19990209144  |4 wfw 
710 2 |a Kulturní centrum (Česká Třebová, Česko)  |7 kn20080314006 
910 2 |a BOA001  |b 2-1272.907 
990 |a BK 
995 |a 11 
991 |b 201111  |c NOV  |e n 
996 6 |b 2610491910  |c 2-1272.907  |l MZK  |r Sklad / do 1 hodiny  |n 2  |p p.v.  |w 001210567  |u 000010  |a 1  |e BOA001  |j MZK50  |s P